000 01381nam a2200337 i 4500
003 EG-GICUC
005 20260121101451.0
008 251211s1996 ua |||fr|||| 000 0 ara d
040 _a EG-GICUC
_bara
_c EG-GICUC
_d EG-GICUC
_erda
041 _aara
082 0 4 _221
_a343.6
_bأ م . م
092 0 4 _221
099 _aLaw1 10 343.6 أ م . م 1996
100 0 _aأمين مصطفى محمد
_eمؤلف.
245 1 0 _aمبادئ علم الإجرام ؛
_bالظاهرة الإجرامية بين التحليل والتفسير /
_cأمين مصطفى محمد
264 1 _aالإسكندرية :
_bدار الجامعة الجديدة,
_c1996.
300 _a350 صفحة ؛
_c24 سم
336 _2rda content
_atext
337 _2rda media
_aComputer
338 _2rda carrier
_aOnline Resource
546 _aالنص باللغة العربية
650 1 4 _aعلم الإجرام
_2qrmak
650 1 4 _aالنظريات المفسرة للسلوك الإجرامي = العوامل الإجرامية بصفة عامة
_2qrmak
650 1 4 _aماهية العوامل الإجرامية
_2qrmak
650 1 4 _aإدمان الخمور والمخدرات والجريمة
_2qrmak
651 1 _2qrmak
653 1 0 _aالجرائم السياسية
856 4 0 _uhttps://fll.law.cu.edu.eg/fulltext/bks/B10-07181.pdf
905 _a79
_eHassnaa
942 _2ddc
_cBK
_e21
_n0
999 _c49792
_d49792